Quick Pick: Mismatched Cars Quiz Stats

Quiz Updated May 15, 2017

Challenge
Share
Tweet
Embed
Score 0/10 Timer 01:00
1 Play Today
% Correct
Daewoo Wrangler
77%
Volkswagen Elise
76.9%
Mini Miata
73.7%
Jaguar Karmann Ghia
71.6%
Honda Genesis
68%
Ford Caliber
67.8%
Mazda Impreza
67.7%
Saturn Lucerne
58.4%
Tesla Vulcan
53.3%
Lamborghini Giulietta
46.3%

Today's Daily Dose

You're not logged in!

Compare scores with friends on all Sporcle quizzes.
Join for Free
OR
Log In

You Might Also Like...

Show Comments

Extras

Top Quizzes Today


Score Distribution

Your Account Isn't Verified!

In order to create a playlist on Sporcle, you need to verify the email address you used during registration. Go to your Sporcle Settings to finish the process.

Report this User

Report this user for behavior that violates our Community Guidelines.

Details: